Public Sector / (Record no. 536351)

000 -LEADER
fixed length control field 00626nam a22001697a 4500
020 ## - INTERNATIONAL STANDARD BOOK NUMBER
Qualifying information Hard Cover.
082 ## - DEWEY DECIMAL CLASSIFICATION NUMBER
Classification number 004
100 ## - MAIN ENTRY--PERSONAL NAME
Personal name Anuma Haroon ; Amna Qandeel; Hira Ayub ; Neha Anum
245 ## - TITLE STATEMENT
Title Public Sector /
Statement of responsibility, etc. Anuma Haroon ; Amna Qandeel; Hira Ayub ; Neha Anum
260 ## - PUBLICATION, DISTRIBUTION, ETC.
Place of publication, distribution, etc. Islamabad :
Name of publisher, distributor, etc. SEECS - NUST,
Date of publication, distribution, etc. 2009.
300 ## - PHYSICAL DESCRIPTION
Extent 85 p. ; ill. ;
Dimensions 30cm.
650 ## - SUBJECT ADDED ENTRY--TOPICAL TERM
Topical term or geographic name entry element Information and Communication Systems Engineering-MS-Thesis
700 ## - ADDED ENTRY--PERSONAL NAME
Personal name Mr. Mohammad Yousaf.
856 ## - Uniform Resource Identifier
Uniform Resource Identifier <a href=" http://10.250.8.41:8080/xmlui/handle/123456789/29693"> http://10.250.8.41:8080/xmlui/handle/123456789/29693</a>
942 ## - ADDED ENTRY ELEMENTS (KOHA)
Source of classification or shelving scheme
Koha item type Thesis
650 ## - SUBJECT ADDED ENTRY--TOPICAL TERM
-- 31461
700 ## - ADDED ENTRY--PERSONAL NAME
-- 31462
Holdings
Withdrawn status Lost status Source of classification or shelving scheme Damaged status Not for loan Permanent Location Current Location Shelving location Date acquired Full call number Barcode Date last seen Price effective from Koha item type
WITHDRAWN         Central Library (CL) Central Library (CL) Thesis 10/14/2020 004 CL-BP-617 10/14/2020 10/14/2020 Thesis
© 2023 Central Library, National University of Sciences and Technology. All Rights Reserved.